00715nam a2200193Ia 4500003000900000008004100009020001800050040001600068080001800084100002900102245013500131260003500266300001800301650002700319650001900346942000700365999001500372952013400387IN-BaIIA211028s9999 xx 000 0 eng d a0-12-710702-9 cIIA Library a535.36bVAN-2 aVan De Hulst, H. C92316 0aMultiple light scatteringbtables, formulas and applications; vol. 2cH. C. Van De Hulst  aNew YorkbAcademic Pressc1980 axi, 303-739p. aLight scattering93487 aNASA thesaurus cBK c7033d7033 00104070aBANbBANcGENd1982-03-03g321.60l1o535.36/ VAN-2p7810r2023-01-25s2021-12-08v321.60w1982-03-03yBKGRs. 321.60